That hardly nappens to someone / (Record no. 37297)

MARC details
000 -LEADER
fixed length control field 00634nam a22001937a 4500
005 - DATE AND TIME OF LATEST TRANSACTION
control field 20100723103819.0
010 ## - LCCN (DPL NO)
LC control number ENG-96650
020 ## - INTERNATIONAL STANDARD BOOK NUMBER
International Standard Book Number 9788128812910
Terms of availability 100.00
035 ## - SYSTEM CONTROL NUMBER
System control number EN-80183
037 ## - SOURCE OF ACQUISITION
Source of stock number/acquisition DBAD/PUB
082 ## - DEWEY DECIMAL CLASSIFICATION NUMBER
Classification number S
100 ## - MAIN ENTRY--PERSONAL NAME
Personal name Rajesh Singh
245 ## - TITLE STATEMENT
Title That hardly nappens to someone /
Statement of responsibility, etc by Rajesh Singh
260 ## - PUBLICATION, DISTRIBUTION, ETC. (IMPRINT)
Place of publication, distribution, etc New Delhi
Name of publisher, distributor, etc Diamond Books
Date of publication, distribution, etc 2009
270 ## - ADDRESS
Address x-30, Okhla Industrial Area, Phase-II
City New Delhi
Postal code 110020
300 ## - PHYSICAL DESCRIPTION
Extent 240 p.
Dimensions 22cm (pbk)
942 ## - ADDED ENTRY ELEMENTS (KOHA)
Source of classification or shelving scheme Dewey Decimal Classification
Item type English Books
Classification part S
Call number suffix RAJ
Holdings
Withdrawn status Lost status Not for loan Collection code Home library Current library Date acquired Cost, normal purchase price Full call number Barcode Copy number Cost, replacement price Koha item type
    Not For Loan Fiction D.B.Act.Division D.B.Act.Division 23/07/2010 100.00 S EN-80183 EN-80183 1 100.00 English Books

© Delhi Public Library
Hit Counter
free hit counter